000 00743nam a22002295a 4500
008 161103s2014 ii a||||rb||| 001 0 eng d
020 _a9332901430
020 _a9789332901438
082 0 4 _222
_a620.106
_bSHA
100 1 _941659
_aShames, Irving Herman,‏ ‎
_d1923-.
245 _aMechanics of fluids /
_cIrving H. Shames.
250 _aMcGraw Hill Education (India) ed.
260 _aNew Delhi :
_bMcGraw Hill Education (India) Private Limited,
_c2014.
300 _axix, 858 p., 47 p. (various pagings) :
_bill. ;
_c24 cm.
500 _aIndex : p. I-1 - I-11.
504 _aBibliography : p. 857-858.
590 _aWessam
650 _2BUEsh
651 _2BUEsh
653 _bENGCHE
_cNovember2016
942 _2ddc
_e22
_k620.106 SHA
999 _c23023
_d22995